00394pab a2200145 454500008004000000100001900040245005100059260000900110300001200119362001100131650004400142650002500186700001700211773002000228180718b1997 xxu||||| |||| 00| 0 eng d aKhan, M. Altaf aManagement education in India: emerging issues c1997 ap.13-14 a14 Apr aManagement - Study and teaching - India aManagement education aYadav, Kamal aUniversity News